| 000 | 01066nam2a22002411 4500 | ||
|---|---|---|---|
| 001 | v19\rc\2047950 | ||
| 005 | 20250620031300.0 | ||
| 035 | _a(NLR Aleph) 005145863 | ||
| 090 |
_a4851163 _c4851163 |
||
| 100 | _a20081111d1906 |||y0rusy50 ca | ||
| 101 | 0 |
_arus _amol |
|
| 102 | _aRU | ||
| 105 | _ay z ||||| | ||
| 200 | 1 |
_aО почитании икон _fС. Гр-в |
|
| 210 |
_dценз. 1906 _aБ. м. |
||
| 215 | _a8 с. | ||
| 461 | 0 |
_1001v19\rc\2047945 _12001#$aИздание Православного Кишиневского Христо-рождественского братства$e№ 132-$v№ 142 _94851117 _aКишиневское православное Христо-Рождественское братство _cКишинев _dц1906-ц1916-1916 _o№ 132- _tИздание Православного Кишиневского Христо-рождественского братства _v№ 142 |
|
| 700 | 1 |
_aГр-в _bС. |
|
| 801 | 0 |
_aRU _bNLR _gpsbo |
|
| 801 | 1 |
_aRU _bProSoft-M _2rusmarc |
|
| 852 |
_aNLR _j20.109.9.24 |
||
| 942 | _cBOOK | ||
| 980 | _aNB | ||